Statystyki dla niemiecki na polski

Kliknij tutaj aby rozwiązać quiz!

Ogólne statystyki

  • Ten quiz został rozwiązany 10 razy
  • Średni wynik to 8 z 51

Statystyki odpowiedzi

HintOdpowiedź% Poprawnych
das Stadionstadion
80%
der Spielergracz
70%
die Tribünetrybuna
70%
die Olympischen Spieleigrzyska olimpijskie
60%
die Paralympicsparaolimpiada
60%
der Trainertrener
60%
das Turnierturniej
60%
das Spielfeldboisko
30%
foulenfaulować
30%
die Bundesligaliga niemiecka
30%
die Weltmeisterschaftmistrzostwa świata
30%
der Pokalpuchar
30%
am Turnier teilnehmenbrać udział w turnieju
20%
das Torbramka
20%
den Rekord aufstellenustanowić rekord
20%
den ersten Platz belegenzająć pierwsze miejsce
20%
die Medaille gewinnenzdobyć medal
20%
ins Finale kommendojść do finału
10%
die Mannschaftdrużyna
10%
das Spielmecz
10%
den Erfolg erreichenosiągnąć sukces
10%
der Gegnerprzeciwnik
10%
das Rennenwyścig
10%
Weltmeister werdenzostać mistrzem świata
10%
der Torwartbramkarz
0%
jubelncieszyć się
0%
über den Sieg jubelncieszyć się ze zwycięstwa
0%
eine Niederlage erleidendoznać porażki
0%
pfeifengwizdać
0%
anfeuernkibicować
0%
der Wettbewerbkonkurs
0%
Das Spiel ist dynamisch / ausgeglichenMecz jest dynamiczny/wyrównany
0%
Das Spiel ist spannendmecz trzyma w napięciu
0%
ein Foul pfeifenodgwizdać faul
0%
die Halbzeitpołowa gry
0%
zwei zu eins (2:1) fhrenprowadzić 2:1
0%
in die nächste Runde kommenprzejść do następnej rundy
0%
das Unentschiedenremis
0%
Randale machenrozrabiać
0%
der Elfmeterrzut karny
0%
der Schiedsrichtersędzia sportowy
0%
auf dem Treppchen stehenstać na podium
0%
Das Spiel steht eins zu drei (1:3)Stan meczu wynosi 1:3
0%
ein Tor schießenstrzelić bramkę
0%
kämpfenwalczyć
0%
vor Spannung den Atem anhaltenwstrzymać oddech z napięcia
0%
das Spiel gewinnenwygrać mecz
0%
der Schulwettkampfzawody szkolne
0%
den Meistertitel gewinnenzdobyć mistrzostwo
0%
der Siegzwycięstwo
0%
der Siegerzwycięzca
0%

Rozkład punktacji

Percentyl według liczby udzielonych odpowiedzi

Procent ludzi z każdym wynikiem

Twoja historia wyników

Nie rozwiązałeś tego quizu